000 00614nam a2200181Ia 4500
008 090124s9999 xx 000 0 und d
082 _b38561
100 _aभेण्डे सुभाष
245 _a ऐसी कळवळ्याची जाती
250 _a1
260 _bडिंपल पब्लिकेशन
_c2001
300 _a122
600 _aभेण्डे सुभाष
630 _a ऐसी कळवळ्याची जाती
700 _aभेण्डे सुभाष
730 _a ऐसी कळवळ्याची जाती
942 _cBOOK
999 _c104574
_d104574